000 00848nam a2200229 a 4500
001 000020861
003 DO-SdBNP
005 20260304085435.0
008 100819s2005 dr ac 001 0 spa d
020 _a9993422754
040 _aDO-SdBNP
_bspa
_cBNPHU
082 4 _a972.93054
_bP349h
_222
100 1 _aPeña Gomez, Jose Francisco ,
_d1937-1998
_92994
245 1 0 _aHitos de la revolución /
_cJosé Francisco Peña Gómez ; editor Fulgencia Espinal.
260 _aSanto Domingo :
_bEl Nuevo Diario,
_c2005.
300 _a118 p. :
_bil., retrs. ;
_c21 cm.
500 _aIncluye datos biográficos del autor en la contracubierta
600 1 0 _aPeña Gomez, Jose Francisco ,
_d1937-1998
_xEntrevistas
_92994
651 4 _aRepública Dominicana
_xHistoria
_xRevolución
_y1965
_930208
700 1 _aEspinal, Fulgencia
_eed.
_943729
942 _2ddc
_cLBS1
999 _c20364
_d20364